Accidents laborals : 2005 2005
Descripción Física:
18 f. : gràf., taules ; 21 cm
MARC
| LEADER | 00000nam a2200000Ia 4500 | ||
|---|---|---|---|
| 001 | 21658 | ||
| 003 | BGR | ||
| 005 | 20260324180053.0 | ||
| 008 | 160829s2005 xx 000 0 cat d | ||
| 080 | |a FU-42-17 | ||
| 245 | |a Accidents laborals : |b 2005 | ||
| 260 | |a Barcelona : |b Diputació de Barcelona. Secció de Prevenció de Riscos Laborals, |c 2005 | ||
| 300 | |a 18 f. : |b gràf., taules ; |c 21 cm | ||
| 650 | |a Seguretat en el treball |x Cartells |x Catàlegs |9 24056 | ||
| 710 | 1 | |a Barcelona (Catalunya : Província). |b Diputació |b Secció de Prevenció de Riscos Laborals |9 52408 | |
| 901 | |a Arxiu | ||
| 942 | |n 1 |2 udc |c MON | ||
| 952 | |0 0 |1 0 |4 0 |6 FU4217 |7 1 |9 52552 |a Arxiu |b Arxiu |d 2016-12-01 |l 0 |o FU-42-17 |p 21658 |r 2016-12-01 00:00:00 |w 2016-12-01 |y ARXIU | ||
| 999 | |c 56401 |d 56401 | ||